2018 Formula 1 Tracks - Statistics

General Stats
  • This quiz has been taken 1,420 times
  • The average score is 19 of 21
Answer Stats
Date Answer % Correct
March 25 Melbourne Grand Prix Circuit
97%
August 26 Circuit de Spa-Francorchamps
96%
November 25 Yas Marina Circuit
95%
September 2 Autodromo Nazionale Monza
93%
May 27 Circuit de Monaco
92%
October 21 Circuit of the Americas
92%
July 8 Silverstone Circuit
92%
November 11 Autodromo Jose Carlos Pace
91%
April 8 Bahrain International Circuit
91%
May 13 Circuit de Barcelona-Catalunya
90%
October 28 Autodromo Hermanos Rodriguez
89%
April 15 Shanghai International Circuit
89%
October 7 Suzuka International Racing Course
89%
June 24 Circuit Paul Ricard
87%
July 22 Hockenheimring
86%
July 1 Red Bull Ring
86%
June 10 Circuit Gilles Villeneuve
85%
July 29 Hungaroring
85%
September 16 Marina Bay Street Circuit
85%
April 29 Baku City Circuit
83%
September 30 Sochi Autodrom
79%
No matching quizzes found
Score Distribution
Percent of People with Each Score
Percentile by Number Answered
Your Score History
You have not taken this quiz